000 00611cam a22002053a 4500
001 44231
003 PGUSA
005 20140828084017.0
008 131119s2013||||xxu|||||s|||||000 | eng d
040 _aPGUSA
_beng
042 _adc
100 1 _aAladel, Jean Marie
245 1 4 _aThe Miraculous Medal :
_bIts Origin, History, Circulation, Results
_h[electronic resource] /
_cJean Marie Aladel
260 _bProject Gutenberg,
_c2013
506 _aPublic domain in the USA.
516 _aElectronic text
830 0 _aProject Gutenberg
_v44231
856 4 0 _uhttp://www.gutenberg.org/ebooks/44231
942 _cEB
999 _c273482
_d273482